000 01459nam0a2200349 4500
001 RU\NLR\BIBL_A\012174461
005 20200121143432.0
010 _a978-5-907172-71-5
021 _aRU
_bКН-П-19-092809
_9КН-П-19-6796
035 _a(NLR Aleph) 012174461
035 _a(RuMoRGB)010184014
090 _a12256441
_c12256441
100 _a20191228d2019 e y0rusy50 ca
101 0 _arus
102 _aRU
105 _aa z 000zy
200 1 _aПрактическая ДНК-генеалогия для всех
_fАнатолий Клёсов
210 _aМосква
_cКонцептуал
_d2019
215 _a361 с.
_cил.
_d22
300 _aНа 4-й с. обл. авт.: А. А. Клёсов, д.х.н., проф., лауреат Гос. премии СССР по науке и технике
320 _aБиблиогр. в подстроч. примеч.
320 _aДр. кн. авт. на 4-й с. обл.
333 _a16+
606 1 _aДезоксирибонуклеиновые кислоты
_xГенетические исследования
_9943999
_3RU\NLR\AUTH\66349761
686 1 _aЕ041.10
700 1 _7ca
_8rus
_aКлесов
_bА. А.
_f1946-
_gАнатолий Алексеевич
_977329
_3RU\NLR\AUTH\7794403
942 _cBOOK
980 _aGENEAL02
980 _aNBR
980 _aNB